Climate change (Record no. 25725)
[ view plain ]
| 000 -LEADER | |
|---|---|
| fixed length control field | 01121 a2200169 4500 |
| 020 ## - INTERNATIONAL STANDARD BOOK NUMBER | |
| ISBN | 9780190922436 |
| 082 ## - DEWEY DECIMAL CLASSIFICATION NUMBER | |
| Classification number | 363.73874 |
| Item number | ROM-C |
| 100 ## - MAIN ENTRY--AUTHOR NAME | |
| Personal name | Romm, Joseph |
| 245 ## - TITLE STATEMENT | |
| Title | Climate change |
| Sub Title | : what everyone needs to know |
| 250 ## - EDITION STATEMENT | |
| Edition statement | 2nd ed. |
| 260 ## - PUBLICATION, DISTRIBUTION, ETC. (IMPRINT) | |
| Name of publisher | Oxford University Press |
| Year of publication | 2018 |
| Place of publication | New Delhi |
| 300 ## - PHYSICAL DESCRIPTION | |
| Number of Pages | xxv, 302 p |
| 440 ## - SERIES STATEMENT/ADDED ENTRY--TITLE | |
| Title | What everyone needs to know. |
| 520 ## - SUMMARY, ETC. | |
| Summary, etc | <br/>"This book offers the most up-to-date examination of climate change's foundational science, implications for our future, and clean energy solutions that can mitigate its effects. It offers authoritative answers to the topic's most vexing questions: how will climate change impact you and your family in the coming decades? What are the future implications for owners of coastal property? Should you plan on retiring in South Florida or the U.S. Southwest or Southern Europe? Does carbon dioxide at exposure levels expected this century affect human health or cognition? What impact will climate change have on investments and the global economy? |
| 650 ## - SUBJECT ADDED ENTRY--TOPICAL TERM | |
| Topical Term | Climatic changes. |
| Form subdivision | Global warming |
| -- | Health aspects. |
| 942 ## - ADDED ENTRY ELEMENTS (KOHA) | |
| Source of classification or shelving scheme | Dewey Decimal Classification |
| Koha item type | Books |
| Withdrawn status | Lost status | Damaged status | Not for loan | Home library | Current library | Date acquired | Source of acquisition | Cost, normal purchase price | Bill Date | Full call number | Accession Number | Cost, replacement price | Price effective from | Koha item type |
|---|---|---|---|---|---|---|---|---|---|---|---|---|---|---|
| NASSDOC Library | NASSDOC Library | 26/12/2019 | OP | 434.35 | 2019-12-20 | 363.73874 ROM-C | 50570 | 595.00 | 26/12/2019 | Books |
